Boston Celtics Players - Sudden Death - Statistics

General Stats
  • This quiz has been taken 23 times
    9 since last reset
  • The average score is 9 of 15
Answers on the Grid
Answers color-coded by a green-red scale on the quiz's grid according to % correct below.
Larry Bird
Hakeem Olajuwon
Wilt Chamberlain
Shaquille O'neal
Jayson Tatum
Rajon Rondo
John Wall
Jeremy Lin
Bill Walton
Victor Wembanyama
Gordon Hayward
John Stockton
Kyrie Irving
Bob Cousy
Ben Wallace
Ray Allen
Sam Jones
Paul George
Klay Thompson
Julius Randle
John Havlicek
Kemba Walker
Paul Pierce
Isiah Thomas
Al Horford
Dennis Schroder
Dennis Rodman
Steve Nash
 
Answer Stats
Answer % Correct
Jayson Tatum
100%
Larry Bird
100%
Ray Allen
100%
Gordon Hayward
75%
Kyrie Irving
75%
Rajon Rondo
75%
Sam Jones
75%
Shaquille O'neal
75%
Bill Walton
50%
Bob Cousy
50%
Al Horford
25%
Dennis Schroder
25%
John Havlicek
25%
Kemba Walker
0%
Paul Pierce
0%
No matching quizzes found
Score Distribution
Percent of People with Each Score
Percentile by Number Answered
Your Score History
You have not taken this quiz since the last reset